书目信息 |
| 题名: |
矿产资源经济论
|
|
| 作者: | 张瑞恒 , 任巍 , 王殿茹 著 | |
| 分册: | ||
| 出版信息: | 北京 中国大地出版社 2006 |
|
| 页数: | 355页 | |
| 开本: | 21cm | |
| 丛书名: | ||
| 单 册: | ||
| 中图分类: | F407.133 | |
| 科图分类: | ||
| 主题词: | 矿产资源--资源经济学 , 矿产资源 , 资源经济学 | |
| 电子资源: | ||
| ISBN: | 7-80097-833-8 | |
| 000 | 00952nam0 2200289 450 | |
| 001 | 003256559 | |
| 005 | 20070807145656.12 | |
| 010 | @a7-80097-833-8@dCNY30.00 | |
| 035 | @a003256559 | |
| 100 | @a20060104d2006 em y0chiy0110 ea | |
| 101 | 0 | @achi |
| 102 | @aCN@b110000 | |
| 105 | @ay z 000yy | |
| 106 | @ar | |
| 200 | 1 | @a矿产资源经济论@Akuang chan zi yuan jing ji lun@f张瑞恒,任巍,王殿茹著@Fzhang rui heng, ren wei, wang dian ru zhu |
| 210 | @a北京@c中国大地出版社@d2006 | |
| 215 | @a355页@d21cm | |
| 330 | @a本书阐述了自然资源与矿产资源、矿产资源战略、中国能源分析、中国矿产资源分析、矿产资源的国际利用等内容。 | |
| 606 | 0 | @a矿产资源@x资源经济学 |
| 606 | 0 | @a矿产资源 |
| 606 | 0 | @a资源经济学 |
| 690 | @aF407.133@v4 | |
| 701 | 0 | @a张瑞恒@Azhang rui heng@c(资源经济)@4著 |
| 701 | 0 | @a任巍@Aren wei@f(1963~)@4著 |
| 701 | 0 | @a王殿茹@Awang dian ru@c(女,@f1958~)@4著 |
| 801 | 0 | @aCN@bNLC@c20070807 |
| 905 | @dF407.133@e202@f1 | |
| 矿产资源经济论/张瑞恒,任巍,王殿茹著.-北京:中国大地出版社,2006 |
| 355页;21cm |
| ISBN 7-80097-833-8:CNY30.00 |
| 本书阐述了自然资源与矿产资源、矿产资源战略、中国能源分析、中国矿产资源分析、矿产资源的国际利用等内容。 |
| ● |
| 相关链接 |
|
|
|
|
正题名:矿产资源经济论
索取号:F407.133/202
 
预约/预借
| 序号 | 登录号 | 条形码 | 馆藏地/架位号 | 状态 | 备注 |
| 1 | 0853172 | 208531720 | 第一样本阅览室/ [索取号:F407.133/202] | 在馆 |